województwa Polski - Statystyki

Ogólne statystyki
  • Ten quiz został rozwiązany 11 razy
  • Średni wynik to 10 z 16
Statystyki odpowiedzi
kraj województwa % Poprawnych
Polska kujawsko-pomorskie
80%
Polska lubuskie
80%
Polska mazowieckie
80%
Polska opolskie
80%
Polska śląskie
80%
Polska lubelskie
70%
Polska małopolskie
70%
Polska pomorskie
70%
Polska warmińsko-mazurskie
70%
Polska wielkopolskie
70%
Polska zachodniopomorskie
70%
Polska dolnośląskie
60%
Polska podlaskie
50%
Polska świętokrzyskie
50%
Polska łódżkie
40%
Polska podkrapackie
0%
Nie znaleziono quizów pasujących do podanych kryteriów
Rozkład punktacji
Procent ludzi z każdym wynikiem
Percentyl według liczby udzielonych odpowiedzi
Twoja historia wyników
Nie rozwiązałeś tego quizu